K-val kezdődő országok - Statistics

General Stats
  • This quiz has been taken 223 times
  • The average score is 12 of 17
Answer Stats
Ország % Correct
Kína
90%
Kanada
80%
Kirgizisztán
79%
Kolumbia
77%
Kambodzsa
76%
Kazahsztán
76%
Kongói Demokratikus Köztársaság
75%
Kongói Köztársaság
75%
Kuba
73%
Kuvait
71%
Katar
66%
Kenya
65%
Kiribati
62%
Koszovó
61%
Kamerun
54%
Kelet-Timor
46%
Közép-afrikai Köztársaság
38%
No matching quizzes found
Score Distribution
Percent of People with Each Score
Percentile by Number Answered
Your Score History
You have not taken this quiz